Normal view
MARC view
- Senanayake,Rashan
Entry Personal Name
001 - CONTROL NUMBER
- control field: 121886
003 - CONTROL NUMBER IDENTIFIER
- control field: NUST
005 - DATE AND TIME OF LATEST TRANSACTION
- control field: 20240306114137.0
008 - FIXED-LENGTH DATA ELEMENTS
- fixed length control field: 240306|| aca||aabn | a|a d
040 ## - CATALOGING SOURCE
- Original cataloging agency: NUST
- Transcribing agency: NUST
100 ## - HEADING--PERSONAL NAME
- Personal name: Senanayake,Rashan
670 ## - SOURCE DATA FOUND
- Source citation: Work cat.: (NUST): Senanayake,Rashan , Inspired Success: Designing Your Own Definition Of Success:, 2021.
